MARC

LEADER 00000nam0a2200000 4500
001 141445
005 20250211063205.0
035 |a (RuTPU)RU\TPU\book\153309 
090 |a 141445 
100 |a 20080814d1991 k y0rusy5003 ca 
101 0 |a rus 
102 |a RU 
105 |a a z 001zy 
200 1 |a Оптимизация режимов электроэнергетических систем  |f Московский энергетический институт (Технический университет) (МЭИ (ТУ) ; под ред. В. И. Виссарионова 
210 |a Москва  |c Изд-во МЭИ  |d 1991 
215 |a 139 с.  |c ил. 
225 1 |a Труды Московского энергетического института (МЭИ)  |v Вып. 638 
320 |a Библиогр. в конце статей 
500 1 0 |a Труды Московского энергетического института  |9 88841 
610 1 |a электроэнергетические системы 
610 1 |a режимы 
610 1 |a оптимизация 
610 1 |a исследование 
610 1 |a управление 
610 1 |a автоматизация 
610 1 |a моделирование 
675 |a 621.311.004.13  |v 3 
702 1 |a Виссарионов  |b В. И.  |g Владимир Иванович  |4 340 
712 0 2 |a Московский энергетический институт (Технический университет) (МЭИ (ТУ))  |3 (RuTPU)RU\TPU\col\122 
801 0 |a RU  |b RuMRKP  |c 19950417  |g psbo 
801 1 |a RU  |b 63413507  |c 20080814  |g PSBO 
801 2 |a RU  |b 63413507  |c 20170428  |g PSBO 
942 |c BK